| 000 | 01115nam a2200265 a 4500 | ||
|---|---|---|---|
| 001 | 000022338 | ||
| 005 | 20240315194914.0 | ||
| 008 | 100930s19uu dr a 000 0 spa d | ||
| 020 | _a9993422649 | ||
| 040 |
_aDO-SdBNP _bspa _cBNPHU |
||
| 082 |
_a330.97293 _bP349e |
||
| 100 | 1 |
_aPeña, Victor Manuel _98483 |
|
| 245 | 1 | 0 |
_aEconomía política dominicana : _bla expansión sostenida 1996-2000 / _cVíctor Manuel Peña ; editor Juan Temístocles Montás. |
| 260 |
_aSanto Domingo : _bEl Nuevo Diario, _c[19--]. |
||
| 300 |
_a230 p. ; _c22 cm. |
||
| 500 | _aIncluye datos biográficos del autor en las solapas | ||
| 504 | _aIncluye referencias bibliográficas y notas al pie de las páginas | ||
| 504 | _aBibliografía : p. 227-230 | ||
| 590 | _aInventariado, 2018/VM | ||
| 650 | 4 |
_aEconomía política _zRepública Dominicana _y1996-2000 _946095 |
|
| 651 | 4 |
_aRepública Dominicana _xCondiciones Económicas _y1996-2000 _946096 |
|
| 651 | 4 |
_aRepública Dominicana _xPolítica Económica _y1996-2000 _946097 |
|
| 700 | 1 | 2 |
_aMontás, Juan Temístocles _d1950- _eed. _979676 |
| 910 | _aValidado. Control de calidad MFF | ||
| 999 |
_c21836 _d21836 |
||